Gramática castellana

Gardado en:
Detalles Bibliográficos
Autor Principal: Bello, Andrés
Formato: Libro
Idioma:Undetermined
Publicado: París, Francia Roger y Chervoviz 1905
Materias:
Etiquetas: Engadir etiqueta
Sen Etiquetas, Sexa o primeiro en etiquetar este rexistro!

MARC

LEADER 00000nam a2200000Ia 4500
008 170316s9999 xx 000 0 und d
090 |a 415-E B-5g 
100 |a Bello, Andrés 
245 |a Gramática castellana 
260 |a París, Francia 
260 |b Roger y Chervoviz 
260 |c 1905 
300 |a 160 páginas 
650 |a GRAMÁTICA ESPAÑOLA 
999 |c 18919  |d 18919 
040 |a cru BVZT 
942 |c 15 D  |h 415-E B-5g  |2 z